000 00739nam a2200193 4500
001 2123
005 20181127164611.0
020 0 0 _a8178900009
090 0 0 _a628.42 A7698e 2001
100 0 0 _aArora, M.
245 0 0 _aEnvironmental management of toxic and hazardous chemicals /
_b
_cM. Arora.
_h
250 0 0 _a1st ed
260 0 0 _aNew Delhi :
_bIVY Publishing House,
_c2001.
300 0 0 _a293 p.
500 0 0 _aThis book is an Introduction to different aspects of management of toxic and hazardous chemicals in the light of tremendous achievements in the last few decades in a very comprehensive and thought provoking manner.
650 0 0 _aEnvironmental management.
_x
650 0 0 _aHazardous chemicals.
_x
650 0 0 _aHazardous substances.
_x
999 _c1668
_d1668